Awareness on First Time Jobseekers Assistance among Graduating Students and Alumni of the College of Agribusiness Management, University Of Rizal System Tanay Campus (Record no. 86209)
[ view plain ]
| 000 -LEADER | |
|---|---|
| fixed length control field | 03041nam a22002897a 4500 |
| 003 - CONTROL NUMBER IDENTIFIER | |
| control field | URS |
| 005 - DATE AND TIME OF LATEST TRANSACTION | |
| control field | 20251015084840.0 |
| 050 14 - LIBRARY OF CONGRESS CALL NUMBER | |
| Classification number | LG 221.R59 |
| Item number | M29 2024 |
| 100 1# - MAIN ENTRY--PERSONAL NAME | |
| Personal name | Malabanan, Jennevid Diane Balais |
| 245 ## - TITLE STATEMENT | |
| Title | Awareness on First Time Jobseekers Assistance among Graduating Students and Alumni of the College of Agribusiness Management, University Of Rizal System Tanay Campus |
| Statement of responsibility, etc. | Jennevid Diane Balais Malabanan, Camille Ann Danag Santos, Cj Bagaporo Aragon, Jane Concejo Pedria |
| 260 ## - PUBLICATION, DISTRIBUTION, ETC. | |
| Date of publication, distribution, etc. | 2024 |
| 300 ## - PHYSICAL DESCRIPTION | |
| Extent | xv, 119 leaves |
| 336 ## - CONTENT TYPE | |
| Source | rdacontent |
| Content type term | text |
| 337 ## - MEDIA TYPE | |
| Source | rdamedia |
| Media type term | unmediated |
| 338 ## - CARRIER TYPE | |
| Source | rdacontent |
| Carrier type term | volume |
| 502 ## - DISSERTATION NOTE | |
| Dissertation note | Thesis |
| Degree type | "Bachelor of Science in Business Administration Major in Human Resource Management" |
| Name of granting institution | URS |
| Year degree granted | 2024 |
| 520 ## - SUMMARY, ETC. | |
| Summary, etc. | This study determined the competency level of the Bachelor of Science in Office Administration students at the University of Rizal System, Main Campus, Tanay, Rizal. A total of eighty-one (81) Office Administration students from 2nd, 3rd, and 4th-year levels served as respondents of the study. The descriptive method of research with a researcher-made questionnaire checklist, test, and rubrics/ criterion validity was used in data gathering. The data gathered were analyzed and tabulated using appropriate statistical tools. Results showed that the majority of the Office Administration students are between 18 to 21 years old, female, single, mostly from 2nd-year level, and spent most of their time in study. Overall, the majority of the respondents who took the researcher-made test to measure their competency level of software application skills demonstrated a fair competency in using MS Word. While a very good performance in using Microsoft Excel, and Microsoft PowerPoint is in the middle ground. Moreover, the majority of respondents strongly agreed that the professor- related factors that had the greatest effect on the competency level of software application skills of office administration students were master of the subject of Integrated Software Application with a weighted mean of 4.03. In student-related factors, the respondents agreed that the level of interest in the subject had the greatest effect on the competency level of the said skills with a weighted mean of 3.91. As for the school-related factors, the respondents agreed that the limited number of computers/ devices had the greatest effect on the competency level of the student's skills with a weighted mean of 3.76. |
| 690 ## - LOCAL SUBJECT ADDED ENTRY--TOPICAL TERM (OCLC, RLIN) | |
| Topical term or geographic name as entry element | UN SDG 8 |
| 700 1# - ADDED ENTRY--PERSONAL NAME | |
| Personal name | Santos, Camille Ann Danag |
| Relator term | author |
| 700 1# - ADDED ENTRY--PERSONAL NAME | |
| Personal name | Aragon, Cj Bagaporo |
| Relator term | author |
| 700 1# - ADDED ENTRY--PERSONAL NAME | |
| Personal name | Pedria, Jane Concejo |
| Relator term | author |
| 700 1# - ADDED ENTRY--PERSONAL NAME | |
| Personal name | Ramos, Marinette G. |
| Relator term | degree supervisor |
| 856 ## - ELECTRONIC LOCATION AND ACCESS | |
| Materials specified | Link to View Online |
| Uniform Resource Identifier | <a href="https://drive.google.com/drive/folders/1dBoeXNaCJC2i6hdw-Dgbc7TLq1K9J6pz?usp=drive_link">https://drive.google.com/drive/folders/1dBoeXNaCJC2i6hdw-Dgbc7TLq1K9J6pz?usp=drive_link</a> |
| 856 ## - ELECTRONIC LOCATION AND ACCESS | |
| Materials specified | Online Request for Student Unpublished Works |
| Uniform Resource Identifier | <a href="https://forms.gle/iwQgJ2wFRviEt3BA8">https://forms.gle/iwQgJ2wFRviEt3BA8</a> |
| 856 ## - ELECTRONIC LOCATION AND ACCESS | |
| Uniform Resource Identifier | <a href="https://drive.google.com/file/d/14EX27QwmWLlHZTb3js9uWRBntoHFp19V/view?usp=sharing">https://drive.google.com/file/d/14EX27QwmWLlHZTb3js9uWRBntoHFp19V/view?usp=sharing</a> |
| 942 ## - ADDED ENTRY ELEMENTS (KOHA) | |
| Source of classification or shelving scheme | Library of Congress Classification |
| Koha item type | Theses and dissertations |
| Withdrawn status | Source of classification or shelving scheme | Damaged status | Not for loan | Home library | Current library | Date acquired | Full call number | Barcode | Date last seen | Price effective from | Koha item type |
|---|---|---|---|---|---|---|---|---|---|---|---|
| Library of Congress Classification | Tanay College Library | Tanay College Library | 08/28/2024 | LG 221.R59 M29 2024 | URSTAN-UGT04879 | 08/28/2024 | 08/28/2024 | Theses and dissertations |